000
00222 a2200097 4500
001
46543
100
_a
Tufail, Muhammad
245
_a
Naqoosh Khass No
260
_a
Lahore
_b
Adar-e-Faroogh-e-Urdu
_c
090
_c
29647
_d
29647
942
_a
NUST-CAE
_c
M
_c
21832
999
_c
281616
_d
281616